Current informa (Record no. 3520)

MARC details
000 -LEADER
fixed length control field 00399cam a2200181ua 4500
001 - CONTROL NUMBER
control field 3694
005 - DATE AND TIME OF LATEST TRANSACTION
control field 20260515113721.0
008 - FIXED-LENGTH DATA ELEMENTS--GENERAL INFORMATION
fixed length control field 111222n ii |||gr||||Z||||||eng
040 ## - CATALOGING SOURCE
Transcribing agency MAIN
082 ## - DEWEY DECIMAL CLASSIFICATION NUMBER
Classification number 001
245 11 - TITLE STATEMENT
Title Current informa
Statement of responsibility, etc. by
250 ## - EDITION STATEMENT
Edition statement 1st.
260 ## - PUBLICATION, DISTRIBUTION, ETC.
Place of publication, distribution, etc. [s.l]:
Name of publisher, distributor, etc. New light publishers.
300 ## - PHYSICAL DESCRIPTION
Extent 60p:
Dimensions 23cm.
653 ## - INDEX TERM--UNCONTROLLED
Uncontrolled term Knowledge
653 ## - INDEX TERM--UNCONTROLLED
Uncontrolled term Current informa
942 ## - ADDED ENTRY ELEMENTS (KOHA)
Koha item type Books
Holdings
Withdrawn status Lost status Damaged status Not for loan Home library Current library Shelving location Date acquired Total checkouts Full call number Barcode Date last seen Copy number Price effective from Koha item type
        Naharkatiya College Library Naharkatiya College Library General stacks 09/19/2020   001 | CUR 16313 09/19/2020 1 09/19/2020 Books